000 00392nam a2200145Ia 4500
008 231217s9999 xx 000 0 und d
041 _aEnglish
082 _a025.066 LOR;1 R
100 _aLord, Charles R
245 0 _aGuide to information sources in engineering
260 _c2000
_bLibraries
_aColorado
300 _axiv+34
650 _ainformation,sources,engineering
942 _cAA
999 _c175417
_d175417